000
00310nam a22001217a 4500
020
_a
0-07-004420-1
082
_a
621.3 BEL'D
100
_a
BELOVE, C
_9
77102
245
_a
DIGITAL AND ANALOG SYSTEM CIRCUITS AND DEVICES AN INTRODUCTION
260
_a
NEWYORK
_b
MCGRAW HILL
_c
1973
300
_a
465P
942
_c
BK
999
_c
582425
_d
582425